000 00620nam a2200229 a 4500
005 20140310183330.0
008 060822s19uu xx 00 eng d
050 _aZ 52.5
_b.C932W 2005
100 _aCrisostomo, Conchita C.
245 _aWord processing for windows. /
_cConchita C. Crisostomo
250 _a4th ed.
260 _aMetro Manila :
_b3K-IT Educational Services,
_c2005.
300 _a152 p. :
_bill. ;
_c23 cm.
521 _aIT
650 _aWord Processing for Windows.
942 _cBK
_2lcc
_kLOC
999 _c21545
_d21545